Loading...
| Current Events | 2 | 20.00 | 100% | 50% | 50% |
| Fine Arts - Classical Music | 6 | 16.67 | 67% | 83% | 17% |
| Fine Arts - Other Fine Arts | 6 | 16.67 | 100% | 50% | 17% |
| Geography | 5 | 24.00 | 100% | 100% | 40% |
| History - American History | 4 | 22.50 | 100% | 75% | 50% |
| History - European History | 3 | 16.67 | 100% | 67% | 0% |
| History - Other History | 4 | 17.50 | 100% | 50% | 25% |
| History - World History | 3 | 23.33 | 100% | 100% | 33% |
| Literature - American Literature | 4 | 17.50 | 100% | 75% | 0% |
| Literature - British Literature | 5 | 14.00 | 80% | 60% | 0% |
| Literature - European Literature | 6 | 20.00 | 100% | 83% | 17% |
| Literature - World Literature | 4 | 17.50 | 100% | 50% | 25% |
| Mythology | 6 | 11.67 | 83% | 17% | 17% |
| Painting/Sculpture | 4 | 10.00 | 100% | 0% | 0% |
| Philosophy | 4 | 17.50 | 100% | 75% | 0% |
| Pop Culture | 2 | 15.00 | 100% | 50% | 0% |
| Religion | 6 | 16.67 | 100% | 50% | 17% |
| Science - Biology | 3 | 13.33 | 100% | 33% | 0% |
| Science - Chemistry | 4 | 17.50 | 75% | 75% | 25% |
| Science - Other Science | 5 | 18.00 | 100% | 60% | 20% |
| Science - Physics | 5 | 8.00 | 80% | 0% | 0% |
| Social Science | 3 | 10.00 | 67% | 33% | 0% |